Sweet home personnages - Statistiques

Statistiques générales
  • Ce quiz a été pris 23 fois
  • Le résultat moyen est 3 sur 15
Statistiques - réponses
Hint Réponse % Correct
Je peux me transformer en monstre mais je suis gentil Hyun Su
79%
Je suis la tête pensante Eun Hyuk
43%
Je suis asthmatique Yuri
43%
La guitare est le dernier objet que j'ai de lui Ji Soo
29%
On me voit comme un dur à cuir mais j'ai des sentiment Sang Wook
29%
Je suis le plus petit, je veux revoir mon papa Yeong Su
21%
Je suis pompière Yi Kyeong
21%
Mon rêve de danseuse est trop loin Eun Yoo
14%
Je n'irait nul part sans mon chien Hye In
7%
Mon bébé me manque, je le vois encore dans mon imagination Bong Ryun
0%
Je ne peux pas marcher mais je sais construire beaucoup de chose Han Dusik
0%
J'étais alcoolique avant d'être religieux Jae Heon
0%
Ma fille est morte sous mes yeux Jin Ok
0%
Je veux être beau et être mannequin Joon woo
0%
Je me fais battre par mon mari Kim Hyun
0%
Aucun quiz correspondant
Distribution des résultats
% des personnes avec chaque résultat
Percentile par nombre de réponses
Votre historique - résultats
Vous n’avez pas pris ce quiz